| 000 | 00783nam a2200265Ia 4500 | ||
|---|---|---|---|
| 003 | OSt | ||
| 005 | 20220928104544.0 | ||
| 006 | a|||||r|||| 00| 0 | ||
| 007 | ta | ||
| 008 | 220927b |||||||| |||| 00| 0 eng d | ||
| 020 | _c325 | ||
| 024 | _a106179 | ||
| 037 |
_b1117, 18/02/2010, Kiran Book Service _cTextual |
||
| 040 |
_aSDCL _cSDCL _beng |
||
| 041 |
_2eng _aeng |
||
| 082 | _aO1443,3M90,1, 152 QO | ||
| 100 |
_aChapek Karel _9398716 |
||
| 245 | 0 | _aTicket-sangrah. | |
| 260 |
_aNew Delhi _bVani Prakashan _c2010 |
||
| 300 |
_a289p _ccm. |
||
| 650 |
_aHindi _9391598 |
||
| 700 | _a Verma Nirmal Tr. | ||
| 942 |
_hO1443,3M90,1, 152 QO _cTEXL _2CC |
||
| 999 |
_c726674 _d726674 |
||